[Event "AUTO-ADV-4925"]
[Site "http://www.queenalice.com/game.php?id=1870665"]
[Date "2026.3.19"]
[Round "1"]
[White "flanny"]
[Black "kuntakinte"]
[Result "0-1"]
[WhiteElo "1709"]
[BlackElo "1763"]

1. e4 e5 2. Bc4 Nf6 3. Qf3 c6 4. Nc3 b5 5. Bb3 Bb7 6. a3 a5 7. Ba2 Bc5 8. Qg3
O-O 9. Qxe5 d6 10. Qg3 Bd4 11. Qd3 Qb6 12. Nh3 Ng4 13. Qg3 Bc8 14. O-O Be5 15.
Qd3 Be6 16. g3 Nf6 17. Bxe6 fxe6 18. Qf3 Nfd7 19. Qg4 Nf6 20. Qxe6+ Kh8 21. d3
Re8 22. Qf7 Ra7 23. Qa2 Rf8 24. Bf4 Nbd7 25. Ne2 c5 26. c3 b4 27. cxb4 axb4 28.
Qc4 Bxb2 29. Ra2 bxa3 30. Bc1 Rfa8 31. Nc3 Ne5 32. Qe6 Bxc3 33. Be3 Bd4 34. Bd2
Nxd3 35. Ng5 Rf8 36. Nf3 Re8 37. Qf5 Nxe4 38. h4 Nxg3 39. Qxd3 Nxf1 40. Kxf1 c4
41. Qc2 Bxf2 42. Ng5 g6 43. Bc3+ Bd4 44. Bd2 d5 45. Bc3 Qf6+ 46. Kg2 Bxc3 47.
Qd1 d4 48. Nf3 d3 49. Kg3 Re3 50. Rc2 dxc2 0-1

[Event "AUTO-ADV-4925"]
[Site "http://www.queenalice.com/game.php?id=1870692"]
[Date "2026.3.19"]
[Round "1"]
[White "flanny"]
[Black "Jsc"]
[Result "0-1"]
[WhiteElo "1727"]
[BlackElo "1985"]

1. e4 e6 2. d4 d5 3. e5 c5 4. dxc5 Bxc5 5. c4 Ne7 6. cxd5 Nxd5 7. Qc2 Qc7 8.
Bb5+ Bd7 9. Bc4 Qxe5+ 10. Be2 Qd4 11. Bf3 Nc6 12. Nh3 Ne5 13. Nd2 Nd3+ 14. Kd1
Qxf2 15. Nc4 Qxc2+ 16. Kxc2 N3b4+ 17. Kd1 b6 18. Ne5 Bd4 19. Nxd7 Kxd7 20. Ng5
Ke7 21. a3 Nd3 22. Nh3 Nxb2+ 23. Bxb2 Bxb2 24. Rb1 Bxa3 25. Rb3 Bc5 26. Re1 Kd6
27. Ng5 Raf8 28. Ne4+ Kc6 29. Nc3 Rd8 30. Bxd5+ exd5 31. Na4 Rhe8 32. Rf1 f6 33.
Rg3 Rd7 34. Rff3 Re6 35. Rb3 d4 36. Rgd3 Re3 37. Kc2 Re2+ 38. Kd1 Rxg2 39. Rh3
h6 40. Nb2 Re7 41. Nd3 Ree2 42. Nf4 Rd2+ 43. Ke1 Rxh2 44. Rhf3 Ra2 45. Rb1 Bb4+
0-1

[Event "AUTO-ADV-4925"]
[Site "http://www.queenalice.com/game.php?id=1870693"]
[Date "2026.3.19"]
[Round "1"]
[White "Jsc"]
[Black "flanny"]
[Result "1-0"]
[WhiteElo "1996"]
[BlackElo "1699"]

1. e4 e5 2. Nf3 d6 3. h3 h6 4. Bc4 c6 5. Nc3 b5 6. Bb3 a5 7. a3 a4 8. Ba2 Nf6 9.
d3 Be7 10. O-O O-O 11. Be3 Na6 12. b4 axb3 13. cxb3 b4 14. axb4 Nxb4 15. Na4 d5
16. Nxe5 Bd6 17. Nf3 dxe4 18. dxe4 Nxe4 19. Nd4 Qa5 20. Qf3 Qe5 21. g3 Nd2 22.
Bxd2 Qxd4 23. Be3 Qd3 24. Rfd1 Qg6 25. Kh2 h5 26. Bb1 Qe6 27. Qxh5 g6 28. Qh6
Ra5 29. Bd4 Be5 30. Nc5 Qf6 31. Ne4 Qg7 32. Qxg7+ Bxg7 33. Rxa5 Rd8 34. Ra4 c5
35. Nxc5 Nc6 36. b4 Nxd4 37. Be4 Kh7 38. Nb3 Be6 39. Nxd4 Bb3 40. Nxb3 Rxd1 41.
Kg2 Kh6 42. b5 Be5 43. b6 Rd8 44. b7 Rb8 45. Nc5 Re8 46. Ra8 1-0

[Event "AUTO-ADV-4933"]
[Site "http://www.queenalice.com/game.php?id=1872592"]
[Date "2026.4.29"]
[Round "1"]
[White "Carlos19"]
[Black "flanny"]
[Result "0-1"]
[WhiteElo "1669"]
[BlackElo "1721"]

1. e4 e5 2. Nf3 Nc6 3. Bc4 Nf6 4. Ng5 d5 5. Bb5 h6 6. Bxc6+ bxc6 7. Nf3 dxe4 8.
Nxe5 Qd5 9. d4 exd3 10. Nxd3 Qxg2 11. Kd2 Ne4+ 12. Ke3 Bc5+ 13. Nxc5 Bg4 14. Qg1
Qf3+ 15. Kd4 Rd8+ 16. Kc4 Nd6+ 17. Kb4 O-O 18. Be3 Rb8+ 19. Ka3 Nc4+ 20. Ka4
Nxb2+ 21. Ka3 a5 22. Na6 Nc4+ 23. Ka4 Rb5 24. Nxc7 Rb4# 0-1

[Event "AUTO-ADV-4933"]
[Site "http://www.queenalice.com/game.php?id=1872593"]
[Date "2026.4.29"]
[Round "1"]
[White "flanny"]
[Black "Carlos19"]
[Result "1-0"]
[WhiteElo "1707"]
[BlackElo "1796"]

1. e4 e5 2. Bc4 Nf6 3. Nc3 a6 4. Nf3 b5 5. Bb3 b4 6. Nd5 d6 7. a3 bxa3 8. Rxa3
Be6 9. d4 Nxe4 10. Qd3 f5 11. dxe5 Bxd5 12. Qxd5 Nd7 13. Qf7# 1-0

[Event "AUTO-ADV-4933"]
[Site "http://www.queenalice.com/game.php?id=1872608"]
[Date "2026.4.29"]
[Round "1"]
[White "game"]
[Black "flanny"]
[Result "0-1"]
[WhiteElo "1591"]
[BlackElo "1695"]

1. f4 Nc6 2. Nf3 e6 3. d4 h6 4. e3 Nf6 5. Bc4 a6 6. f5 d5 7. Bd3 exf5 8. O-O Ne4
9. Ne5 Nxe5 10. dxe5 Qe7 11. Re1 Qxe5 12. Bxe4 fxe4 13. Nc3 Bd6 14. Nxd5 Qxh2+
15. Kf2 Bg3+ 16. Ke2 Qxg2# 0-1

[Event "AUTO-ADV-4933"]
[Site "http://www.queenalice.com/game.php?id=1872609"]
[Date "2026.4.29"]
[Round "1"]
[White "flanny"]
[Black "game"]
[Result "1/2-1/2"]
[WhiteElo "1739"]
[BlackElo "1621"]

1. e4 e5 2. Nf3 d6 3. Nc3 Nc6 4. Nd5 Bg4 5. h3 Be6 6. Bc4 Nf6 7. d3 Bxd5 8. exd5
Nd4 9. Nxd4 exd4 10. Bg5 Be7 11. c3 dxc3 12. bxc3 O-O 13. Rb1 b6 14. d4 Ne4 15.
Bf4 Nxc3 16. Qc2 Nxb1 17. Qxb1 Re8 18. O-O g6 19. Bb5 Rf8 20. Bh6 Bf6 21. Bxf8
Kxf8 22. h4 Bxd4 23. g3 Qc8 24. Qd3 Be5 25. Bc6 Rb8 26. f4 Bb2 27. Re1 Qg4 28.
Qe4 Bc3 29. Qe7+ Kg7 30. Re3 Bd4 31. Kg2 Bxe3 32. Qxe3 f5 33. Qe7+ Kh6 34. Qxc7
Qe2+ 35. Kh3 Qf1+ 36. Kh2 Qf2+ 37. Kh3 Qf1+ 38. Kh2 1/2-1/2

[Event "AUTO-ADV-4933"]
[Site "http://www.queenalice.com/game.php?id=1872620"]
[Date "2026.4.29"]
[Round "1"]
[White "flanny"]
[Black "shmurtz91"]
[Result "0-1"]
[WhiteElo "1695"]
[BlackElo "1925"]

1. e4 c5 2. d4 cxd4 3. Qxd4 Nf6 4. Bf4 d6 5. e5 Nc6 6. Qe3 Ng4 7. Qd2 dxe5 8.
Be3 Nxe3 9. Qxe3 Bf5 10. Bb5 Bxc2 11. Nd2 Qd5 12. Bxc6+ bxc6 13. Ngf3 e4 14. Nd4
Bd3 15. f3 e5 16. fxe4 Bxe4 17. Nxe4 Bb4+ 18. Nd2 Qxd4 19. Qe2 O-O 20. O-O-O Qd5
21. Nc4 Qb5 22. b3 Rfe8 23. Qb2 e4 24. a3 Qg5+ 25. Kb1 Bc5 26. b4 Bf8 27. h4 Qg4
28. Ne5 Qe6 29. Rhe1 Qxe5 30. Qc2 c5 31. Rxe4 Qf6 32. bxc5 Rxe4 33. Qxe4 Rb8+
34. Kc2 Rb2+ 35. Kc1 Qc3+ 0-1

[Event "AUTO-ADV-4933"]
[Site "http://www.queenalice.com/game.php?id=1872621"]
[Date "2026.4.29"]
[Round "1"]
[White "shmurtz91"]
[Black "flanny"]
[Result "1-0"]
[WhiteElo "1874"]
[BlackElo "1734"]

1. e4 e5 2. Bc4 c6 3. Nf3 d5 4. exd5 cxd5 5. Bb5+ Nc6 6. d3 Bg4 7. Nbd2 e4 8. h3
Bxf3 9. gxf3 Qh4 10. dxe4 Bc5 11. Qe2 O-O-O 12. Bxc6 bxc6 13. Nb3 Bb6 14. Be3 d4
15. Bd2 Nf6 16. f4 Rhe8 17. e5 a5 18. Bxa5 Nd5 19. Qa6+ Kd7 20. Bxb6 Nxb6 21.
Qa7+ Kc8 22. Nc5 Re7 23. Qa6+ 1-0

[Event "AUTO-INT-3967"]
[Site "http://www.queenalice.com/game.php?id=1872637"]
[Date "2026.4.29"]
[Round "1"]
[White "flanny"]
[Black "ajr"]
[Result "1-0"]
[WhiteElo "1705"]
[BlackElo "1672"]

1. e4 e5 2. Nf3 a6 3. Nxe5 Bc5 4. Bc4 d6 5. Nf3 Bg4 6. h3 Bxf3 7. Qxf3 Qf6 8. e5
Qxe5+ 9. Be2 Nc6 10. c3 h6 11. b4 Bxb4 12. O-O Ba5 13. Bc4 Qf6 14. Re1+ Kd8 15.
d4 Qxf3 16. gxf3 Bxc3 17. Nxc3 Nxd4 18. Bd3 Nxf3+ 19. Kf1 Nxe1 20. Kxe1 Nf6 21.
Be3 Re8 22. Kf1 c5 23. Bf4 Kc7 24. a4 Re6 25. Be2 g5 26. Bg3 Rae8 27. Rd1 Kc6
28. Bf3+ Kc7 29. Nd5+ Nxd5 30. Bxd5 R6e7 31. Bf3 f5 32. Bxd6+ Kc8 33. Bxc5 Re5
34. Rc1 Kb8 35. Bd6+ 1-0

[Event "AUTO-INT-3967"]
[Site "http://www.queenalice.com/game.php?id=1872638"]
[Date "2026.4.29"]
[Round "1"]
[White "ajr"]
[Black "flanny"]
[Result "0-1"]
[WhiteElo "1723"]
[BlackElo "1688"]

1. d4 e6 2. Nf3 Nc6 3. a3 Nf6 4. Nc3 d5 5. Bg5 Be7 6. e3 h6 7. Bxf6 Bxf6 8. Bb5
a6 9. Bxc6+ bxc6 10. h4 O-O 11. g3 c5 12. dxc5 Bb7 13. Nd4 Bxd4 14. exd4 Re8 15.
O-O e5 16. Re1 exd4 17. Qxd4 Qd7 18. Kg2 Bc8 19. Rxe8+ Qxe8 20. Qxd5 Be6 21. Qd2
Rd8 22. Qe2 Qd7 23. Rd1 Qc8 24. Rxd8+ Qxd8 25. Qxa6 Qd2 26. Qa8+ Kh7 27. Qe4+ g6
28. Nb5 Bd5 29. Qxd5 Qxd5+ 0-1

[Event "AUTO-INT-3967"]
[Site "http://www.queenalice.com/game.php?id=1872639"]
[Date "2026.4.29"]
[Round "1"]
[White "flanny"]
[Black "EduardoRo"]
[Result "0-1"]
[WhiteElo "1707"]
[BlackElo "1750"]

1. e4 e5 2. Nf3 Nc6 3. Nc3 Bc5 4. Bc4 Nf6 5. O-O O-O 6. h3 d6 7. d3 Nd4 8. Nd5
Nxd5 9. exd5 Nxf3+ 10. Qxf3 c6 11. Qg3 Qf6 12. Bg5 Qf5 13. d4 Bxd4 14. c3 Bc5
15. b4 cxd5 16. Bh6 Qf6 17. Bg5 Qg6 18. Bxd5 Bb6 19. Be7 Qxg3 20. Bxf8 Qxc3 21.
Bxd6 Qd4 22. Rad1 Qf4 23. g3 Qh6 24. Bxe5 Qxh3 25. Rd3 Bf5 26. Rf3 Re8 27. Bc3
Bg4 28. Rxf7 Qxg3+ 29. Bg2 Kxf7 30. Kh1 Qh4+ 31. Kg1 Bc7 32. f4 Bb6+ 0-1

[Event "AUTO-INT-3967"]
[Site "http://www.queenalice.com/game.php?id=1872640"]
[Date "2026.4.29"]
[Round "1"]
[White "EduardoRo"]
[Black "flanny"]
[Result "1-0"]
[WhiteElo "1698"]
[BlackElo "1724"]

1. e4 e5 2. Nf3 Nc6 3. Bc4 Bc5 4. O-O h6 5. d3 Nf6 6. Bd2 O-O 7. a3 d6 8. b4 Bd4
9. Nxd4 Bg4 10. f3 Nxd4 11. fxg4 b5 12. Ba2 c5 13. bxc5 dxc5 14. c3 Ne6 15. c4
a5 16. cxb5 Nd4 17. Bc4 Rb8 18. Nc3 Qd7 19. g5 hxg5 20. a4 g4 21. Nd5 g3 22. h3
Nh7 23. Qe1 Nc2 24. Qxg3 Kh8 25. Ra2 Nd4 26. Qxe5 Ne2+ 27. Kh1 Rg8 28. Ne7 Rbe8
29. Rxf7 Nf8 30. Qh5+ Nh7 31. Ng6# 1-0